Detalles MARC
| 000 -LÍDER |
| Campo fijo de descripción fija |
01915pam a2200361 i 4500 |
| 001 - NÚMERO DE CONTROL |
| Campo de control |
768714001 |
| 003 - IDENTIFICADOR DEL NÚMERO DE CONTROL |
| Campo de control |
CO-MdFUSB |
| 005 - FECHA Y HORA DE LA ULTIMA TRANSACCIÓN |
| control field |
20220615142450.0 |
| 007 - CAMPO FIJO DE DESCRIPCIÓN FIJA--INFORMACIÓN GENERAL |
| Campo fijo de descripción fija |
ta |
| 008 - ELEMENTOS DE LONGITUD FIJA -- INFORMACIÓN GENERAL |
| Campo fijo de descripción fija -- Información general |
980702t1999 enk b 001 0deng |
| 020 ## - NÚMERO INTERNACIONAL NORMALIZADO PARA LIBROS |
| Número Internacional Normalizado del libro |
052158258X |
| 040 ## - FUENTE DE CATALOGACIÓN |
| Agencia de catalogación original |
DLC |
| Agencia que realiza la transcripción |
CO-MdFUSB |
| Agencia que realiza la modificación |
DLC |
| Idioma de catalogación |
spa |
| Convenciones de la descripción |
rda |
| 041 ## - CÓDIGO DE IDIOMA |
| Código de idioma para texto/pista de sonido o título separado |
eng |
| 082 00 - NÚMERO DE CLASIFICACIÓN DECIMAL DEWEY |
| Número de clasificación |
230.044092 |
| Número de la edición del Dewey |
23 |
| Clave de autor-Numero de item |
C178 |
| 245 04 - TÍTULO |
| Título del Material |
The Cambridge companion to Dietrich Bonhoeffer |
| Mención de responsabilidad, etc. |
/ editado por John W. de Gruchy. |
| 264 #1 - PRODUCCIÓN, PUBLICACIÓN, DISTRIBUCIÓN, MANUFACTURA, Y COPYRIGHT |
| Lugar de producción, publicación, distribución, manufactura |
Cambridge, New York : |
| Nombre del productor, publicador, distribuidor |
Cambridge University Press, |
| Fecha de producción, publicación, distribución, manufactura, o copyright |
[1999] |
| 264 #4 - PRODUCCIÓN, PUBLICACIÓN, DISTRIBUCIÓN, MANUFACTURA, Y COPYRIGHT |
| Fecha de producción, publicación, distribución, manufactura, o copyright |
© 1999 |
| 300 ## - DESCRIPCIÓN FÍSICA |
| Extensión |
281 páginas ; |
| Dimensiones |
23 cm. |
| 336 ## - TIPO DE CONTENIDO |
| Fuente |
rdacontent |
| Término de tipo de contenido |
texto |
| Código de tipo de contenido |
txt |
| 337 ## - TIPO DE MEDIO |
| Fuente |
rdamedia |
| Nombre del tipo de medio |
sin mediación |
| Código del tipo de medio |
n |
| 338 ## - TIPO DE SOPORTE |
| Fuente |
rdacarrier |
| Nombre del tipo de soporte |
volumen |
| Código Tipo de soporte |
nc |
| 504 ## - NOTA DE BIBLIOGRAFÍA, ETC. |
| Nota de bibliografía, etc |
Incluye referencias bibliográficas (p. 269-271) e índices. |
| 505 ## - NOTA DE CONTENIDO |
| Nota de contenido con formato preestablecido |
La Alemania de Bonhoeffer: el contexto político / John A. Moses -- Vida de Dietrich Bonhoeffer / F. Burton Nelson -- Formación de la teología de Bonhoeffer / Martin Rumscheidt -- El legado literario de Bonhoeffer / Wayne Whitson Floyd -- Recepción de la teología de Bonhoeffer / John W. De Gruchy -- Socialidad humana y comunidad cristiana / Clifford Green -- '¿Quién es Jesucristo, para nosotros, hoy?' / Andreas Pangritz -- Testigo ecuménico por la paz / Keith Clements -- Discipulado costoso / Haddon Willmer -- Iglesia, estado y la 'cuestión judía' / Ruth Zerner. Ética de la acción responsable / Larry Rasmussen -- El cristianismo en un mundo que llega a la mayoría de edad / Peter Selby -- Oración y acción por la justicia: la espiritualidad de Bonhoeffer / Geffrey B. Kelly. |
| 563 ## - NOTA DE ENCUADERNACIÓN |
| Nota de encuadernación |
Rústico |
| 600 #0 - ASIENTO SECUNDARIO DE MATERIA - NOMBRE PERSONAL |
| Nombre personal |
Bonhoeffer, Dietrich, |
| Fechas asociadas con el nombre |
1906-1945. |
| Subdivisión general |
Biografía |
| 650 #0 - ASIENTO SECUNDARIO DE MATERIA - TERMINO TEMÁTICO |
| 9 (RLIN) |
1269 |
| Término temático o nombre geográfico como elemento de entrada |
Hombres (Teología cristiana) |
| 650 #0 - ASIENTO SECUNDARIO DE MATERIA - TERMINO TEMÁTICO |
| 9 (RLIN) |
408 |
| Término temático o nombre geográfico como elemento de entrada |
Protestantismo |
| Subdivisión general |
Biografía |
| 700 1# - ASIENTO SECUNDARIO - NOMBRE PERSONAL |
| Nombre personal |
De Gruchy, John W. |
| Responsabilidad |
editor |
| 942 ## - TIPO DE MATERIAL (KOHA) |
| Tipo de Item KOHA |
Libros General |
| 945 ## - INFORMACIÓN LOCAL DEL REGISTRO |
| Catalogador |
JTF-925 |